| 000 | 00340nam a2200133Ia 4500 | ||
|---|---|---|---|
| 008 | 150201s2008 xx 000 0 und d | ||
| 082 |
_a611.018 _bH08S |
||
| 100 | _aSINGH,INDERBIR | ||
| 245 | _aTB OF HISTOLOGY WITH COLOUR ATLAS | ||
| 250 | _a5TH | ||
| 260 |
_bJAYPEE BROTHERS _aDELHI _c2008 |
||
| 650 | _aHUMAN ANATOMY | ||
| 942 |
_2ddc _cBK _017 |
||
| 999 |
_c1005 _d1005 |
||